John F. Kennedy, president
محفوظ في:
| المؤلف الرئيسي: | |
|---|---|
| التنسيق: | كتاب |
| اللغة: | الإسبانية |
| منشور في: |
Greenwich
Fawcett
1964
|
| سلاسل: | Crest Book
|
| الموضوعات: | |
| الوسوم: |
إضافة وسم
لا توجد وسوم, كن أول من يضع وسما على هذه التسجيلة!
|
MARC
| LEADER | 00000nam a2200000 a 4500 | ||
|---|---|---|---|
| 001 | UCQ7204 | ||
| 003 | CL-VaPUC | ||
| 008 | 981031e19640000US |||||||||||||||||spa|d | ||
| 082 | 0 | 4 | |a 973.922 |b SID |2 21 |
| 100 | 0 | |a Sidey, Hugh |e author |9 421073 | |
| 245 | 1 | 0 | |a John F. Kennedy, president |
| 300 | |a 400 p | ||
| 942 | |c BK | ||
| 945 | |d 19981031 00:00:00 |a crobeson | ||
| 260 | |a Greenwich |b Fawcett |c 1964 | ||
| 600 | 0 | |a Kennedy, John Fitzgerald |d 1917-1963 |9 859083 | |
| 650 | 0 | |a Biografías |9 255210 | |
| 583 | |a last modification |c 19981031 00:00:00 |k Rodrigo Vera | ||
| 490 | 0 | |a Crest Book | |
| 999 | |c 276961 |d 276959 | ||
| 952 | |0 0 |1 0 |4 0 |6 973_922000000000000_SID_1964 |7 0 |8 A |9 314601 |a BIBEDU |b BIBEDU |d 2019-11-20 |i 1487566 |o 973.922 SID 1964 |p 1487566 |r 2019-11-20 |w 2019-11-20 |y BK |k LIT | ||